Vista normal
Vista MARC
Entrada Materia (personas)
Número de registros utilizados en: 1
001 - CONTROL NUMBER
- control field: 101843
003 - CONTROL NUMBER IDENTIFIER
- control field: Co-BoUCM
005 - DATE AND TIME OF LATEST TRANSACTION
- control field: 20201204064633.0
008 - FIXED-LENGTH DATA ELEMENTS
- fixed length control field: 201204|| aca||aabn | a|a d
040 ## - CATALOGING SOURCE
- Original cataloging agency: Co-BoUCM
- Transcribing agency: Co-BoUCM
100 ## - HEADING--PERSONAL NAME
- Personal name: Peck, A. L.
- Fuller form of name: (Arthur Leslie)
- Dates associated with a name: 1902-1974
670 ## - SOURCE DATA FOUND
- Source citation: Work cat.: (Co-BoUCM): Aristóteles 1041 384-322 a. C. , Aristotle History of animals., 1965-1991